| 000 | 00591 a2200193 4500 | ||
|---|---|---|---|
| 003 | |||
| 005 | 20260330114902.0 | ||
| 008 | 260330b tu ||||| |||| 00| 0 tur d | ||
| 020 | _a9786055142018 | ||
| 040 |
_aTR-AnABB _btur _cTR-AnABB |
||
| 041 | _atur | ||
| 082 |
_a398.5 _b OZß 2013 |
||
| 100 | 1 | _a | |
| 245 | 1 | 0 |
_a _c |
| 260 |
_a _b _c2013 |
||
| 300 |
_a192 sayfa ; _c20 cm |
||
| 650 | 0 | 4 | _a |
| 942 |
_2ddc _cBK |
||
| 999 |
_c10086 _d10086 |
||
| 900 | _b | ||